000 01229nam a22002537a 4500
999 _c18307
_d18307
005 20251125232905.0
008 s2513 th tha d
040 _aNALT
041 _atha
100 0 _aแสวง สุนทรกะลัมพ์
245 1 0 _aอำนาจฟ้องในคดีแพ่ง พร้อมด้วยย่อคำพิพากษาฎีกาตั้งแต่ พ.ศ. 2478 ถึงพ.ศ. 2512
260 3 _aกรุงเทพฯ :
_bแพร่พิทยา,
_c2513
300 _a138 หน้า ;
_b 26 ซม.
650 0 4 _aกฎหมายวิธีพิจารณาความแพ่ง
650 0 4 _aคำพิพากษาศาล -- คดีแพ่ง
650 0 4 _aคำพิพากษาศาล -- วิธีพิจารณาความแพ่ง
650 0 4 _aอำนาจฟ้อง
650 0 4 _aอำนาจฟ้อง -- คำพิพากษาศาลฎีกา
850 _aNALT
856 4 0 _uhttps://hdl.handle.net/20.500.14156/411467
_71
942 _cLB
_2lcc
998 _j25
_k นีลวัสน์ อินทรักษา
090 _aKT67 ส968อ 2513